000 00302nam a2200121Ia 4500
005 20260328101530.0
008 260328s9999||||xx |||||||||||||| ||und||
100 _aPrior, Edward
245 0 _aArts & Crafts Masterpieces /
_cEdward Prior
260 _bPhaidon
650 _aARQUITECTURA CIVIL
942 _cBK
999 _c9961
_d9961